| 000 | 00857nam a2200289 a 4500 | ||
|---|---|---|---|
| 001 | 000015529 | ||
| 003 | DO-SdBNP | ||
| 005 | 20260417103605.0 | ||
| 007 | ta | ||
| 008 | 100212s2009 dr a 000 0 spa d | ||
| 020 | _a9789945163117 | ||
| 040 |
_aDO-SdBNP _bspa _cBNPHU _erda |
||
| 041 | _hspa | ||
| 082 | 4 |
_a128 _bA185v _222 |
|
| 100 | 1 |
_aAcosta, Pedro _935063 |
|
| 245 | 1 | 3 |
_aEl viaje de la vida : _bun instante en lo infinito de la eternidad / _cPedro Acosta. |
| 260 |
_aSanto Domingo : _bBúho, _c2009. |
||
| 300 |
_a61 páginas : _bilustraciones ; _c22 cm. |
||
| 590 | _aInventariado, 2018/LP | ||
| 650 | 4 |
_aVida _911946 |
|
| 650 | 4 |
_aMuerte _911503 |
|
| 650 | 0 |
_a Adolescencia _989353 |
|
| 650 | 0 |
_a Calidad de vida _985379 |
|
| 650 | 0 |
_aAutorrealización (Psicología) _9211 |
|
| 910 | _aValidado. Control de calidad MFF | ||
| 942 |
_2ddc _cLBS1 |
||
| 999 |
_c15085 _d15085 |
||